[Event "SUI-chT"]
[Site "Switzerland"]
[Date "2016.05.22"]
[Round "3.7"]
[White "Meylan, Andre"]
[Black "Landenbergue, Claude"]
[Result "1/2-1/2"]
[WhiteElo "2190"]
[BlackElo "2349"]
[PlyCount "69"]
[EventDate "2016.03.20"]
[EventType "team-tourn"]
[EventRounds "9"]
[EventCountry "SUI"]
[SourceTitle "EXT 2017"]
[Source "ChessBase"]
[SourceDate "2016.10.25"]
[SourceVersion "1"]
[SourceVersionDate "2016.10.25"]
[SourceQuality "1"]
[WhiteTeam "Echallens"]
[BlackTeam "Geneve"]
[WhiteTeamCountry "SUI"]
[BlackTeamCountry "SUI"]

1. e4 c5 2. Nf3 d6 3. d4 cxd4 4. Nxd4 Nf6 5. Nc3 a6 6. a4 g6 7. Be2 Bg7 8. Be3 Nc6 9. 0-0 0-0 10. f4 Bd7 11. Bf3 Rc8 12. Nb3 Be6 13. Nd5 Bxd5 14. exd5 Na5 15. Nxa5 Qxa5 16. c3 Qc7 17. Bd4 Rfe8 18. Re1 Nd7 19. Bxg7 Kxg7 20. Qd4+ Kg8 21. Bg4 Rcd8 22. Re3 Qc5 23. Qxc5 dxc5 24. c4 Nf6 25. Bf3 Rd6 26. g4 Rb6 27. b3 e6 28. Rae1 a5 29. f5 gxf5 30. gxf5 e5 31. Bd1 e4 32. Bc2 Re5 33. Rf1 Kf8 34. Rf4 Rd6 35. Kf2 1/2-1/2

[Event "SUI-chT"]
[Site "Switzerland"]
[Date "2016.04.17"]
[Round "2.8"]
[White "Meylan, Andre"]
[Black "Kovac, Lubomir"]
[Result "0-1"]
[WhiteElo "2167"]
[BlackElo "2218"]
[PlyCount "60"]
[EventDate "2016.03.20"]
[EventType "team-tourn"]
[EventRounds "9"]
[EventCountry "SUI"]
[SourceTitle "EXT 2017"]
[Source "ChessBase"]
[SourceDate "2016.10.25"]
[SourceVersion "1"]
[SourceVersionDate "2016.10.25"]
[SourceQuality "1"]
[WhiteTeam "Echallens"]
[BlackTeam "Luzern"]
[WhiteTeamCountry "SUI"]
[BlackTeamCountry "SUI"]

1. e4 d6 2. d4 Nf6 3. Nc3 g6 4. f4 Bg7 5. Nf3 0-0 6. Bd3 c5 7. d5 Qb6 8. Qe2 Rd8 9. Bc4 e6 10. Ng5 exd5 11. Bxd5 Rf8 12. Bxf7+ Rxf7 13. Qc4 d5 14. Nxd5 Nxd5 15. Qxd5 Qc7 16. c3 Na6 17. Be3 h6 18. Nxf7 Qxf7 19. Qd2 Be6 20. 0-0 Re8 21. b3 Qf6 22. f5 gxf5 23. exf5 Bf7 24. Rac1 b6 25. Bf4 Nb8 26. Kh1 Nc6 27. Qd7 Ne5 28. Bxe5 Rxe5 29. Qxa7 Bd5 30. Rce1 Qg5 0-1

[Event "SUI-chT"]
[Site "Switzerland"]
[Date "2015.10.11"]
[Round "9.7"]
[White "Fend, Juergen"]
[Black "Meylan, Andre"]
[Result "1/2-1/2"]
[WhiteElo "2277"]
[BlackElo "2213"]
[PlyCount "84"]
[EventDate "2015.03.29"]
[EventType "team-tourn"]
[EventRounds "9"]
[EventCountry "SUI"]
[SourceTitle "EXT 2017"]
[Source "ChessBase"]
[SourceDate "2016.10.25"]
[SourceVersion "1"]
[SourceVersionDate "2016.10.25"]
[SourceQuality "1"]
[WhiteTeam "Wollishofen"]
[BlackTeam "Echallens"]
[WhiteTeamCountry "SUI"]
[BlackTeamCountry "SUI"]

1. Nf3 Nf6 2. g3 b6 3. Bg2 Bb7 4. 0-0 e6 5. c4 Be7 6. b3 0-0 7. Bb2 c5 8. d3 a6 9. e3 d5 10. Qe2 Nbd7 11. Nc3 Rc8 12. Rac1 Qc7 13. Rfd1 Rfd8 14. Rc2 Qb8 15. cxd5 Nxd5 16. Nxd5 Bxd5 17. e4 Bb7 18. d4 Qa8 19. d5 exd5 20. exd5 Re8 21. Qd3 Bf6 22. Qf5 Bxb2 23. Ng5 Nf6 24. Rxb2 Rcd8 25. Rbd2 h6 26. Nh3 Bc8 27. Qb1 Bg4 28. Re1 Qc8 29. Rxe8+ Rxe8 30. Nf4 g5 31. Nd3 Qf5 32. Qf1 Ne4 33. Rc2 Bf3 34. Bxf3 Qxf3 35. Ne1 Qd1 36. Re2 Qxd5 37. f3 Nf6 38. Rxe8+ Nxe8 39. Qxa6 Qd2 40. Nd3 Qe3+ 41. Nf2 Qe1+ 42. Kg2 Qe6 1/2-1/2

[Event "SUI-chT"]
[Site "Switzerland"]
[Date "2015.09.05"]
[Round "6.4"]
[White "Meylan, Andre"]
[Black "Hug, Werner"]
[Result "0-1"]
[WhiteElo "2213"]
[BlackElo "2483"]
[PlyCount "76"]
[EventDate "2015.03.29"]
[EventType "team-tourn"]
[EventRounds "9"]
[EventCountry "SUI"]
[SourceTitle "EXT 2016"]
[Source "ChessBase"]
[SourceDate "2015.10.08"]
[SourceVersion "1"]
[SourceVersionDate "2015.10.08"]
[SourceQuality "1"]
[WhiteTeam "Echallens"]
[BlackTeam "Zuerich"]
[WhiteTeamCountry "SUI"]
[BlackTeamCountry "SUI"]

1. e4 e6 2. d4 d5 3. Nd2 c5 4. exd5 Qxd5 5. Ngf3 cxd4 6. Bc4 Qd6 7. 0-0 Nf6 8. Nb3 Nc6 9. Nbxd4 Nxd4 10. Qxd4 Bd7 11. Bf4 Qxd4 12. Nxd4 Rc8 13. Be2 Bc5 14. Nb3 Bb6 15. c4 Ne4 16. Nd2 Nxd2 17. Bxd2 Bd4 18. Rad1 Bxb2 19. Rb1 Bd4 20. Rxb7 Bc6 21. Rb3 0-0 22. Be3 Rfd8 23. Bxd4 Rxd4 24. Rfb1 Kf8 25. f3 Rd2 26. R1b2 Rxb2 27. Rxb2 Ke7 28. Kf2 Kd6 29. Ke3 Kc5 30. Kd3 e5 31. Rb3 a5 32. Ke3 f5 33. Rb2 g5 34. Bd3 Rf8 35. Re2 h5 36. h3 g4 37. hxg4 hxg4 38. fxg4 e4 0-1

[Event "Barcelona Sant Marti op-A 17th"]
[Site "Barcelona"]
[Date "2015.07.19"]
[Round "7"]
[White "Meylan, Andre"]
[Black "Egorova, Ayyna"]
[Result "1-0"]
[WhiteElo "2196"]
[BlackElo "1901"]
[PlyCount "95"]
[EventDate "2015.07.13"]
[EventType "swiss"]
[EventRounds "9"]
[EventCountry "ESP"]
[SourceTitle "CBM 167 Extra"]
[Source "ChessBase"]
[SourceDate "2015.09.14"]
[SourceVersion "1"]
[SourceVersionDate "2015.09.14"]
[SourceQuality "1"]

1. e4 Nf6 2. e5 Nd5 3. d4 d6 4. c4 Nb6 5. exd6 cxd6 6. Nc3 g6 7. Be3 Bg7 8. Rc1 0-0 9. b3 a5 10. Nf3 a4 11. Be2 axb3 12. axb3 Nc6 13. 0-0 Nb4 14. h3 d5 15. c5 Nd7 16. Qd2 Re8 17. Ra1 Rxa1 18. Rxa1 Nb8 19. Na4 N8c6 20. Nb6 Qc7 21. Ra4 e5 22. Rxb4 Nxb4 23. Qxb4 exd4 24. Nxd4 Re4 25. Bf3 Rxd4 26. Bxd4 Qf4 27. Nxd5 Qxd4 28. Ne7+ Kf8 29. Qxd4 Bxd4 30. Nxc8 Bxc5 31. Bxb7 Ke8 32. Kf1 Kd7 33. f3 g5 34. Ke2 Ke6 35. Kd3 Ke5 36. Kc4 Bf8 37. Nb6 Kf4 38. Nd7 Be7 39. b4 Kg3 40. f4 Kxf4 41. Bf3 f5 42. b5 g4 43. hxg4 fxg4 44. Bc6 Bd8 45. b6 h5 46. b7 Bc7 47. Nf6 Kg5 48. Nxh5 1-0

[Event "Barcelona Sant Marti op-A 17th"]
[Site "Barcelona"]
[Date "2015.07.14"]
[Round "2"]
[White "Papathanasiou, Elisavet"]
[Black "Meylan, Andre"]
[Result "1-0"]
[WhiteElo "1951"]
[BlackElo "2196"]
[PlyCount "133"]
[EventDate "2015.07.13"]
[EventType "swiss"]
[EventRounds "9"]
[EventCountry "ESP"]
[SourceTitle "CBM 167 Extra"]
[Source "ChessBase"]
[SourceDate "2015.09.14"]
[SourceVersion "1"]
[SourceVersionDate "2015.09.14"]
[SourceQuality "1"]

1. Nf3 Nf6 2. c4 e6 3. g3 b6 4. Bg2 Bb7 5. 0-0 Be7 6. d4 0-0 7. d5 exd5 8. Nh4 c6 9. cxd5 Nxd5 10. Nf5 Nc7 11. e4 d5 12. Nc3 Bf6 13. exd5 Nxd5 14. Nxd5 cxd5 15. Re1 Na6 16. Rb1 Nc5 17. Bf4 Ne6 18. Bd6 Re8 19. Bxd5 Bxd5 20. Qxd5 Qd7 21. Red1 Rad8 22. b4 Ng5 23. Rbc1 Ne4 24. Rd3 h5 25. f3 Nxd6 26. Nxd6 Re5 27. Qc6 Qe6 28. Rdd1 Re2 29. Qd5 Qe3+ 30. Kh1 Qe7 31. Qxh5 g6 32. Qd5 Qd7 33. Qc4 Rb2 34. Qf1 Qa4 35. Nxf7 Rxd1 36. Rxd1 Qc2 37. Nh6+ Kf8 38. Ng4 Be7 39. Rc1 Qd2 40. Rd1 Qxb4 41. Qd3 Kg7 42. Ne5 Rxh2+ 43. Kxh2 Qb2+ 44. Rd2 Qxe5 45. Qd4 Qxd4 46. Rxd4 Kf6 47. Rd7 a5 48. a4 Ke6 49. Rd4 Bc5 50. Re4+ Kf5 51. Rf4+ Kg5 52. Kh3 Bg1 53. Rg4+ Kf5 54. Kh4 Bc5 55. Rg5+ Kf6 56. Kg4 Bg1 57. Rb5 Bc5 58. f4 Bd4 59. Rd5 Bc5 60. Kf3 Ke6 61. Ke4 Kf6 62. g4 Ke6 63. f5+ gxf5+ 64. Rxf5 Bb4 65. g5 Bd2 66. g6 Bc3 67. Rb5 1-0

[Event "EU-ch blitz"]
[Site "Wroclaw"]
[Date "2014.12.19"]
[Round "2"]
[White "Bortnyk, Olexandr"]
[Black "Meylan, Andre"]
[Result "1-0"]
[WhiteElo "2533"]
[BlackElo "2161"]
[PlyCount "41"]
[EventDate "2014.12.19"]
[EventType "swiss (blitz)"]
[EventRounds "11"]
[EventCountry "POL"]
[SourceTitle "CBM 164 Extra"]
[Source "ChessBase"]
[SourceDate "2015.03.02"]
[SourceVersion "1"]
[SourceVersionDate "2015.03.02"]
[SourceQuality "1"]

1. e4 e6 2. d4 d5 3. Nc3 Nf6 4. Bd3 c5 5. Nf3 Nc6 6. exd5 exd5 7. Qe2+ Be7 8. dxc5 0-0 9. Bg5 Re8 10. 0-0-0 Bxc5 11. Bxf6 gxf6 12. Qd2 Bf8 13. Nxd5 Be6 14. Nc3 Qa5 15. Qf4 Ne5 16. Nxe5 Qxe5 17. Qxe5 fxe5 18. Rhe1 Bg4 19. f3 Bh5 20. Nd5 Bg7 21. Nc7 1-0

[Event "Wch U18"]
[Site "Al Ain"]
[Date "2013.12.23"]
[Round "8"]
[White "Javanbakht, Nima"]
[Black "Meylan, Andre"]
[Result "1-0"]
[WhiteElo "2374"]
[BlackElo "2193"]
[PlyCount "52"]
[EventDate "2013.12.18"]
[EventType "swiss"]
[EventRounds "11"]
[EventCountry "UAE"]
[SourceTitle "CBM 158 Extra"]
[Source "ChessBase"]
[SourceDate "2014.02.28"]
[SourceVersion "1"]
[SourceVersionDate "2014.02.28"]
[SourceQuality "1"]

1. d4 Nf6 2. c4 e6 3. Nf3 b6 4. g3 Bb7 5. Bg2 Be7 6. 0-0 0-0 7. d5 exd5 8. Nh4 c6 9. cxd5 Nxd5 10. Nf5 Nc7 11. e4 d5 12. Nc3 Bf6 13. exd5 cxd5 14. Bf4 Nba6 15. Re1 Qd7 16. Bh3 Ne6 17. Ne4 Qd8 18. Nxf6+ Qxf6 19. Be5 Qd8 20. Nd6 Ng5 21. Bf1 Qd7 22. h4 Ne6 23. Qg4 Nac5 24. Bb5 Bc6 25. Bxc6 Qxc6 26. Nf5 f6 1-0

[Event "Wch U18"]
[Site "Al Ain"]
[Date "2013.12.23"]
[Round "9"]
[White "Meylan, Andre"]
[Black "Bargandzhiya, Zaza"]
[Result "1/2-1/2"]
[WhiteElo "2193"]
[BlackElo "2039"]
[PlyCount "96"]
[EventDate "2013.12.18"]
[EventType "swiss"]
[EventRounds "11"]
[EventCountry "UAE"]
[SourceTitle "CBM 158 Extra"]
[Source "ChessBase"]
[SourceDate "2014.02.28"]
[SourceVersion "1"]
[SourceVersionDate "2014.02.28"]
[SourceQuality "1"]

1. e4 e5 2. Nf3 Nc6 3. Nc3 Nf6 4. d4 exd4 5. Nd5 Be7 6. Bf4 d6 7. Nxd4 0-0 8. Nb5 Nxd5 9. exd5 Ne5 10. Be2 Bf5 11. 0-0 Bf6 12. c3 Re8 13. Re1 Ng6 14. Be3 Bd7 15. Qd2 a6 16. Nd4 Ne5 17. h3 Ng6 18. Nf3 Ne5 19. Nxe5 Bxe5 20. Bg5 Bf6 21. Bf4 Bf5 22. Bd3 Qd7 23. Qc2 Rxe1+ 24. Rxe1 Bxd3 25. Qxd3 Qa4 26. Qe4 Qxe4 27. Rxe4 Kf8 28. Kf1 Re8 29. Rxe8+ Kxe8 30. Ke2 Kd7 31. Kd3 h5 32. Ke4 g6 33. Be3 Bg7 34. Bd4 Bh6 35. Bf6 Bf8 36. c4 Be7 37. Bxe7 Kxe7 38. b4 Kf6 39. h4 b6 40. a4 Kg7 41. g3 Kh6 42. a5 bxa5 43. bxa5 Kg7 44. c5 Kh6 45. f3 Kg7 46. cxd6 cxd6 47. g4 Kh6 48. g5+ Kg7 1/2-1/2

[Event "Wch U18"]
[Site "Al Ain"]
[Date "2013.12.23"]
[Round "11"]
[White "Meylan, Andre"]
[Black "Darling, Paul D"]
[Result "1/2-1/2"]
[WhiteElo "2193"]
[BlackElo "1847"]
[PlyCount "97"]
[EventDate "2013.12.18"]
[EventType "swiss"]
[EventRounds "11"]
[EventCountry "UAE"]
[SourceTitle "CBM 158 Extra"]
[Source "ChessBase"]
[SourceDate "2014.02.28"]
[SourceVersion "1"]
[SourceVersionDate "2014.02.28"]
[SourceQuality "1"]

1. e4 c5 2. Nf3 d6 3. d4 cxd4 4. Nxd4 Nf6 5. Nc3 g6 6. Be3 Bg7 7. Be2 0-0 8. 0-0 Nc6 9. Qd2 Bd7 10. f4 Rc8 11. Nb3 a6 12. a4 Na5 13. Rfd1 Nxb3 14. cxb3 Be6 15. b4 Rxc3 16. Qxc3 Nxe4 17. Qc2 d5 18. b5 Qd6 19. bxa6 bxa6 20. Bd3 f5 21. Qe2 Rb8 22. Rab1 d4 23. Bc4 Rb4 24. Rbc1 Rxa4 25. Bf2 Bf6 26. b3 Rb4 27. Bxe6+ Qxe6 28. Rc4 Rxb3 29. Bxd4 Bxd4+ 30. Rcxd4 Qb6 31. Kf1 Rb2 32. Qe3 Kg7 33. R4d3 Rf2+ 34. Kg1 Qb2 35. Qd4+ Qxd4 36. Rxd4 Rxf4 37. Ra1 Nc3 38. Rxf4 Ne2+ 39. Kf2 Nxf4 40. Rxa6 e5 41. Ra7+ Kh6 42. Re7 e4 43. g4 fxg4 44. Rxe4 Kg5 45. Ra4 h5 46. Kg3 h4+ 47. Kf2 Ne6 48. Ra5+ Kf6 49. Ra4 1/2-1/2

[Event "Wch U18"]
[Site "Al Ain"]
[Date "2013.12.23"]
[Round "10"]
[White "Ramos Libon, Jean Piere"]
[Black "Meylan, Andre"]
[Result "1-0"]
[WhiteElo "1947"]
[BlackElo "2193"]
[PlyCount "41"]
[EventDate "2013.12.18"]
[EventType "swiss"]
[EventRounds "11"]
[EventCountry "UAE"]
[SourceTitle "CBM 158 Extra"]
[Source "ChessBase"]
[SourceDate "2014.02.28"]
[SourceVersion "1"]
[SourceVersionDate "2014.02.28"]
[SourceQuality "1"]

1. d4 e6 2. Nf3 Nf6 3. Bg5 c5 4. c3 Be7 5. Nbd2 cxd4 6. cxd4 b6 7. e3 Bb7 8. Bd3 0-0 9. Rc1 Nc6 10. a3 Nd5 11. h4 f6 12. Qc2 h6 13. Bxh6 gxh6 14. Bh7+ Kh8 15. Qg6 Bb4 16. Qxh6 Bxd2+ 17. Kxd2 Qe7 18. Bb1+ Kg8 19. Rh3 Rf7 20. Rg3+ Rg7 21. Qh7+ 1-0

[Event "Wch U18"]
[Site "Al Ain"]
[Date "2013.12.22"]
[Round "6"]
[White "Barbot, Pierre"]
[Black "Meylan, Andre"]
[Result "1-0"]
[WhiteElo "2404"]
[BlackElo "2193"]
[PlyCount "38"]
[EventDate "2013.12.18"]
[EventType "swiss"]
[EventRounds "11"]
[EventCountry "UAE"]
[SourceTitle "CBM 158 Extra"]
[Source "ChessBase"]
[SourceDate "2014.02.28"]
[SourceVersion "1"]
[SourceVersionDate "2014.02.28"]
[SourceQuality "1"]

1. d4 Nf6 2. Nf3 e6 3. e3 b6 4. Bd3 Bb7 5. 0-0 d5 6. b3 Bd6 7. Bb2 0-0 8. Nbd2 Nbd7 9. Ne5 c5 10. f4 Qc8 11. f5 cxd4 12. exd4 Nxe5 13. dxe5 Bc5+ 14. Kh1 Ne4 15. f6 g6 16. Qe2 Qc6 17. Rf4 Nxd2 18. Qxd2 Rfd8 19. Rh4 h5 1-0